BALYAVSTHA AWM VIKASH (Record no. 19946)

MARC details
000 -LEADER
fixed length control field 00250nam a22001217a 4500
003 - CONTROL NUMBER IDENTIFIER
control field SGT
082 ## - DEWEY DECIMAL CLASSIFICATION NUMBER
Item number SEV
100 ## - MAIN ENTRY--PERSONAL NAME
Personal name SEVANI, DR. ASHOK
245 ## - TITLE STATEMENT
Title BALYAVSTHA AWM VIKASH
260 ## - PUBLICATION, DISTRIBUTION, ETC. (IMPRINT)
Place of publication, distribution, etc INDIA
Name of publisher, distributor, etc SHIKSHA
Year of Publication 2015
300 ## - PAGE DESCRIPTION
No. of Pages 230
942 ## - ADDED ENTRY ELEMENTS (KOHA)
Source of classification or shelving scheme Dewey Decimal Classification
Koha item type Books
942 ## - ADDED ENTRY ELEMENTS (KOHA)
-- 4
Holdings
Withdrawn status Lost status Source of classification or shelving scheme Damaged status Not for loan Collection code Home library Current library Shelving location Date acquired Cost, normal purchase price SGTU Bill Number Total Checkouts Full call number Accession No. (Barcode) Date last seen Date last borrowed Bill Date Koha item type
    Dewey Decimal Classification     EDUCATION SGT Engineering Library SGT Engineering Library Text Book 29/04/2020 230.00 SGTU 101 2 SEV ED4663 04/12/2024 20/11/2024 29/04/2020 Books
    Dewey Decimal Classification     EDUCATION SGT Engineering Library SGT Engineering Library Text Book 29/04/2020 230.00 SGTU 101 2 SEV ED4664 27/11/2024 20/11/2024 29/04/2020 Books